01666nam a2200277 4500001000400000003000400004005001700008008004100025020001800066040000800084041000800092082001700100100003000117245011800147260003600265300001100301520091900312650002601231650001401257650001501271650002201286650002701308650002001335655001201355655002101367415OSt20250527144435.0250519b |||||||g |||| 00| 1 eng d a9788573129571 bpor hpor a158.1bC238m aCapelas, Heloísad1957- aO Mapa da felicidade:bAs coordenadas para curar a sua vida e nunca mais olhar para trás /cCapelas, Heloísa aSão PalobEditora Gentec2014 a239 p. aConforme os anos passam, parece que acreditar no conceito de felicidade fica cada vez mais difícil. Afinal, o que vem a ser a felicidade em si? Ter muito dinheiro, um carro do ano, um bom casamento e filhos tranquilos? Vamos, então, à pergunta que não escolhe época, cor e nem classe social: o que nos proporciona uma felicidade sólida e duradoura? Depois de décadas ensinando pessoas do Brasil inteiro a promover revoluções em seus comportamentos por meio do autoconhecimento, Heloísa Capelas escreveu a obra que lhe fará passar pelo caminho da descoberta sobre você mesmo, auxiliando a encarar seus problemas em busca de respostas e a obter sucesso em suas realizações. Neste mapa, a principal pergunta que ela faz a você é: qual é a sua verdade e por que você acorda todos os dias? Aceite este convite e entre de cabeça na jornada que transformará sua vida para sempre. 0aLiteratura Brasileira 0aAutoajuda 0aFelicidade 0aAuto Conhecimento 0aRealização pessoal 0aConduta de vida 0aRomance 0aNão Ficção